El coloquio de los pájaros / (Registro nro. 12774)

000 -CABECERA
campo de control de longitud fija 01708nam a2200289 a 4500
001 - NÚMERO DE CONTROL
campo de control 1408740
003 - IDENTIFICADOR DEL NÚMERO DE CONTROL
campo de control OSt
005 - FECHA Y HORA DE LA ÚLTIMA TRANSACCIÓN
campo de control 20210113142038.0
008 - DATOS DE LONGITUD FIJA--INFORMACIÓN GENERAL
campo de control de longitud fija 130826s2012 mx a gr 00010dspa d
020 ## - NÚMERO INTERNACIONAL ESTÁNDAR DEL LIBRO
Número Internacional Estándar del Libro 9788417517205
040 ## - FUENTE DE LA CATALOGACIÓN
Centro catalogador/agencia de origen CO-BoBLA
Lengua de catalogación spa
Centro/agencia transcriptor CO-BoBLA
041 1# - CÓDIGO DE LENGUA
Código de lengua del texto/banda sonora o título independiente spa
Código de lengua original eng
082 04 - NÚMERO DE LA CLASIFICACIÓN DECIMAL DEWEY
Número de clasificación JP
Número de documento/Ítem SIS
100 1# - ENTRADA PRINCIPAL--NOMBRE DE PERSONA
Nombre de persona S�s, Peter,
Fechas asociadas al nombre 1949-
245 13 - MENCIÓN DE TÍTULO
Título El coloquio de los pájaros /
Mención de responsabilidad, etc. Peter Sís ; traducción de Valeria Luiselli.
260 ## - PUBLICACIÓN, DISTRIBUCIÓN, ETC.
Lugar de publicación, distribución, etc. México :
Nombre del editor, distribuidor, etc. Editorial Sexto Piso,
Fecha de publicación, distribución, etc. 2012.
300 ## - DESCRIPCIÓN FÍSICA
Extensión [148] p. :
Otras características físicas il. ;
Dimensiones 26 cm.
490 0# - MENCIÓN DE SERIE
Mención de serie Sexto piso ilustrado
500 ## - NOTA GENERAL
Nota general Una mañana como cualquier otra, el poeta Attar despierta convertido en un pájaro abubilla. Se reúne con aves venidas de todas partes para hablar de la crisis que azota a su mundo, plagado de guerras, aire emponzoñado y tristeza general.<br/><br/>El pájaro abubilla los convence de emprender el vuelo en busca del rey Simurg, que vive en la montaña de Kaf. Sólo él tiene la respuesta que puede salvarlos. En su difícil travesía los pájaros más valientes deberán cruzar los siete valles: Búsqueda, Amor, Conocimiento, Desapego, Unidad, Asombro y Muerte. Sólo entonces llegarán a su destino para entender que la respuesta a sus problemas se encuentra más cerca y más lejos de lo que nunca imaginaron. El coloquio de los pájaros es una hermosa adaptación gráfica del artista Peter Sís.
534 ## - NOTA SOBRE LA VERSIÓN ORIGINAL
Frase introductoria T�tulo original :
Mención de título del original The conference of the birds.
586 ## - NOTA DE PREMIOS
Nota de premios Premio Hans Christian Andersen al Mejor Ilustrador, 2012.
650 #4 - PUNTO DE ACCESO ADICIONAL DE MATERIA--TÉRMINO DE MATERIA
Término de materia o nombre geográfico como elemento de entrada Libros ilustrados.
650 ## - PUNTO DE ACCESO ADICIONAL DE MATERIA--TÉRMINO DE MATERIA
Término de materia o nombre geográfico como elemento de entrada Aves
Subdivisión de forma Libros ilustrados.
700 1# - PUNTO DE ACCESO ADICIONAL--NOMBRE DE PERSONA
Nombre de persona Luiselli, Valeria,
Fechas asociadas al nombre 1983-,
Término indicativo de función/relación tr.
942 ## - ELEMENTOS DE PUNTO DE ACCESO ADICIONAL (KOHA)
Fuente del sistema de clasificación o colocación
Tipo de ítem Koha Libro Literatura
949 ## - PROCESAMIENTO DE INFORMACIÓN LOCAL (OCLC)
a n
b n
Existencias
Estado de retiro Estado de pérdida Fuente del sistema de clasificación o colocación Estado dañado No para préstamo Código de colección Localización permanente Ubicación/localización actual Fecha de adquisición Fuente de adquisición Número de inventario Total de préstamos Signatura topográfica completa Código de barras Fecha visto por última vez Número de copia Precio válido a partir de Tipo de ítem Koha Nota pública
          Literatura Juvenil Biblioteca Pública San Juan Bosco Biblioteca Pública San Juan Bosco 13/01/2021 Compra NT   JP SIS MOS500441 13/01/2021 ej 1 13/01/2021 Libro Literatura Quince dias

© Todos los derechos reservados para la Biblioteca Pública Municipal San Juan Bosco, 2020
Secretaria de Cultura de Mosquera
Carrera 3 N° 10 Esquina Centro Cultural Barrio El Carmén Teléfono: 8270830 Ext: 34
Funcionando con KOHA
Contacto: Biblioteca Pública Municipal San Juan Bosco/ bibliotecasanjuanbosco@mosquera-cundinamarca.gov.co
Mosquera, Cundinamarca